ՀՀ Գիտությունների ազգային ակադեմիայի հիմնարար գիտական գրադարան  =   Fundamental Scientific Library of NAS RA

Биостратиграфия и брахиоподы силура восточного склона Урала / (Record no. 211225)

MARC details
000 -LEADER
fixed length control field 00975nam a2200217 u 4500
001 - CONTROL NUMBER
control field 000549962
003 - CONTROL NUMBER IDENTIFIER
control field AM-YeHGA
005 - DATE AND TIME OF LATEST TRANSACTION
control field 20250617140007.0
008 - FIXED-LENGTH DATA ELEMENTS--GENERAL INFORMATION
fixed length control field 070912s1988 ||| r 000 0 rus d
040 ## - CATALOGING SOURCE
Original cataloging agency AM-YeHGA
041 0# - LANGUAGE CODE
Language code of text/sound track or separate title rus
090 ## - LOCALLY ASSIGNED LC-TYPE CALL NUMBER (OCLC); LOCAL CALL NUMBER (RLIN)
-- 212734
245 00 - TITLE STATEMENT
Title Биостратиграфия и брахиоподы силура восточного склона Урала /
Statement of responsibility, etc. М-во геологии СССР, Урал. произв. геол. об-ние; Сост. И.А. Брейвель, М.Г. Брейвель.
260 ## - PUBLICATION, DISTRIBUTION, ETC.
Place of publication, distribution, etc. Москва :
Name of publisher, distributor, etc. Недра,
Date of publication, distribution, etc. 1988.
300 ## - PHYSICAL DESCRIPTION
Extent 203 с. :
Other physical details ил.
504 ## - BIBLIOGRAPHY, ETC. NOTE
Bibliography, etc. note Библиогр.: с. 117-121
653 0# - INDEX TERM--UNCONTROLLED
Uncontrolled term Силурийские отложения - Биостратиграфия - Урал
653 0# - INDEX TERM--UNCONTROLLED
Uncontrolled term Брахиоподы - Силур - Урал
700 1# - ADDED ENTRY--PERSONAL NAME
Personal name Брейвель, И.А.
Relator term сост.
Relationship com
710 2# - ADDED ENTRY--CORPORATE NAME
Corporate name or jurisdiction name as entry element "Уралгеология", производственное объединение
Holdings
Withdrawn status Lost status Damaged status Not for loan Collection Home library Current library Date acquired Total checkouts Full call number Barcode Date last seen Price effective from Koha item type Public note
        General Fundamental Scientific Library Fundamental Scientific Library 28/12/2016   РII/596857 120596857 28/12/2016 28/12/2016 Գրքեր / Books 30 Days Loan


ՀՀ ԳԱԱ հիմնարար գիտական գրադարան
ՀՀ,Երևան 0019
Մարշալ Բաղրամյան 24/6
հեռախոս:(374-10) 52-47-50
Հետադարձ կապ

All site content, except where otherwise noted, is licensed under a
Creative Commons License